[Event "BCF-ch U16"]
[Site "Torquay"]
[Date "2013.08.02"]
[Round "6.68"]
[White "Cawley, Henry J"]
[Black "Green, Michael"]
[Result "1/2-1/2"]
[WhiteElo "1386"]
[BlackElo "1610"]
[PlyCount "86"]
[EventDate "2013.07.29"]
[EventType "swiss"]
[EventRounds "7"]
[EventCountry "ENG"]
[SourceTitle "EXT 2023"]
[Source "ChessBase"]
[SourceDate "2022.10.05"]
[SourceVersion "1"]
[SourceVersionDate "2022.10.05"]
[SourceQuality "1"]

1. d4 Nf6 2. e3 e6 3. Bd3 c5 4. c3 d5 5. Nd2 Nc6 6. Ngf3 Bd6 7. e4 dxe4 8. Nxe4 cxd4 9. Nxd4 Nxd4 10. Nxd6+ Qxd6 11. cxd4 Bd7 12. Be3 0-0 13. 0-0 Bc6 14. f3 Rfd8 15. Rc1 e5 16. Qb3 exd4 17. Bg5 Re8 18. Bxf6 Qxf6 19. Rfe1 Re7 20. Bb5 Bxb5 21. Qxb5 h6 22. Qd3 Rd8 23. Rxe7 Qxe7 24. g3 Qe3+ 25. Qxe3 dxe3 26. Re1 Rd3 27. Kf1 Rd2 28. Re2 Rd1+ 29. Re1 Rd3 30. h4 g5 31. hxg5 hxg5 32. g4 Kg7 33. Re2 Kg6 34. Rc2 f5 35. gxf5+ Kxf5 36. Ke2 Rd2+ 37. Rxd2 exd2 38. Kxd2 Ke5 39. Ke3 Kd6 40. b3 a6 41. Kd3 a5 42. a3 b6 43. a4 Ke5 1/2-1/2

[Event "BCF-ch U16"]
[Site "Torquay"]
[Date "2013.08.01"]
[Round "5.53"]
[White "Narayanan, Nandaja"]
[Black "Cawley, Henry J"]
[Result "0-1"]
[WhiteElo "1418"]
[BlackElo "1386"]
[PlyCount "72"]
[EventDate "2013.07.29"]
[EventType "swiss"]
[EventRounds "7"]
[EventCountry "ENG"]
[SourceTitle "EXT 2023"]
[Source "ChessBase"]
[SourceDate "2022.10.05"]
[SourceVersion "1"]
[SourceVersionDate "2022.10.05"]
[SourceQuality "1"]

1. e4 e5 2. Nf3 d6 3. Bc4 Qf6 4. Nc3 Ne7 5. h3 a6 6. a4 Nbc6 7. d3 h6 8. 0-0 Nb4 9. Be3 Be6 10. Bxe6 Qxe6 11. Re1 0-0-0 12. b3 f6 13. d4 d5 14. Qe2 f5 15. exf5 Qxf5 16. Rec1 e4 17. Nh4 Qf6 18. Qg4+ Rd7 19. g3 g5 20. Ng2 Nf5 21. Ne2 Be7 22. h4 h5 23. hxg5 hxg4 24. gxf6 Bxf6 25. Ngf4 Rdh7 26. Kf1 Rh1+ 27. Ng1 Nxe3+ 28. fxe3 R8h2 29. Nfe2 Bg5 30. Nf4 Nxc2 31. Ng2 Nxe3+ 32. Nxe3 Bxe3 33. Rxc7+ Kxc7 34. Rc1+ Bxc1 35. b4 Be3 36. b5 Rxg1# 0-1

[Event "BCF-ch U16"]
[Site "Torquay"]
[Date "2013.07.30"]
[Round "3"]
[White "Cawley, Henry J"]
[Black "Pein, Jonathan"]
[Result "0-1"]
[WhiteElo "1386"]
[BlackElo "1834"]
[PlyCount "64"]
[EventDate "2013.07.29"]
[EventType "swiss"]
[EventRounds "7"]
[EventCountry "ENG"]
[SourceTitle "EXT 2023"]
[Source "ChessBase"]
[SourceDate "2022.10.05"]
[SourceVersion "1"]
[SourceVersionDate "2022.10.05"]
[SourceQuality "1"]

1. d4 Nf6 2. e3 d6 3. Bd3 g6 4. Nf3 Bg7 5. h3 0-0 6. 0-0 Nc6 7. Bd2 e5 8. Bb5 e4 9. Nh2 d5 10. c4 a6 11. cxd5 Qxd5 12. Nc3 Qg5 13. f4 Qg3 14. Be1 Qxe3+ 15. Rf2 axb5 16. b3 Qxd4 17. Qxd4 Nxd4 18. Rd1 c5 19. Ne2 e3 20. Nxd4 exf2+ 21. Bxf2 cxd4 22. Rd2 Ne4 23. Rd3 Nxf2 24. Kxf2 Bf5 25. Rd2 d3 26. Nf3 Bc3 27. Rd1 Rxa2+ 28. Kg3 d2 29. Nxd2 Rxd2 30. Rf1 Re8 31. Rf3 Bf6 32. h4 Ree2 0-1